[Event "Euro Online U2300 Day 1"]
[Site "chess.com INT"]
[Date "2020.05.25"]
[Round "3"]
[White "Aliyev, Elnur"]
[Black "Sargissyan, Sargis"]
[Result "0-1"]
[BlackTitle "FM"]
[WhiteElo "2148"]
[BlackElo "2269"]
[WhiteFideId "13402617"]
[BlackFideId "13303210"]
[EventDate "2020.05.25"]

1. d4 Nf6 2. c4 g6 3. Nc3 Bg7 4. e4 d6 5. Be2 O-O 6. Nf3 e5 7. O-O Nc6 8. dxe5
dxe5 9. Qxd8 Rxd8 10. Nd5 Nxe4 11. Nxc7 Rb8 12. Be3 f5 13. Rad1 Rf8 14. Bd3 Nf6
15. c5 f4 16. Bc4+ Kh8 17. Bc1 Bg4 18. Ng5 Bxd1 19. Rxd1 h6 20. Nge6 Rf7 21. Nb5
Rd7 22. Re1 Na5 23. Bf1 Re8 24. Nxg7 Kxg7 25. b4 Nc6 26. a3 Red8 27. Nd6 Ne8 28.
Ne4 Rd1 29. Rxd1 Rxd1 30. Bb2 Nd4 31. f3 Nf6 32. Nxf6 Kxf6 33. b5 Rd2 34. Bc3
Rc2 35. Bb4 Ne2+ 36. Bxe2 Rxe2 37. h4 Rc2 38. Kh2 h5 39. Kh3 Ke6 40. g3 Kd5 41.
gxf4 exf4 42. c6 bxc6 43. bxc6 Kxc6 44. Bf8 Kd5 45. Bh6 Ke5 46. Bg7+ Kf5 47. Bf8
Rf2 48. Bc5 Rxf3+ 49. Kg2 Rg3+ 50. Kh2 a6 51. Bd6 Kg4 52. Be7 Re3 53. Bc5 Re2+
54. Kg1 f3 55. a4 Kxh4 56. a5 Kg4 57. Bb6 h4 58. Kf1 h3 59. Kg1 Ra2 60. Kh1 f2
61. Bxf2 Rxf2 62. Kg1 Ra2 63. Kh1 Kg3 64. Kg1 Ra1# 0-1

[Event "Euro Online U2300 Day 1"]
[Site "chess.com INT"]
[Date "2020.05.25"]
[Round "3"]
[White "Stoleriu, George"]
[Black "Bluebaum, Johanna"]
[Result "1/2-1/2"]
[WhiteTitle "FM"]
[WhiteElo "2349"]
[BlackElo "2011"]
[WhiteFideId "1227505"]
[BlackFideId "24647373"]
[EventDate "2020.05.25"]

1. e4 e6 2. d4 d5 3. Nc3 Nf6 4. e5 Nfd7 5. f4 c5 6. Nf3 Nc6 7. Be3 a6 8. Qd2 b5
9. a3 Qb6 10. Ne2 Bb7 11. dxc5 Bxc5 12. Ned4 O-O 13. b4 Nxd4 14. Bxd4 Bxd4 15.
Qxd4 Rac8 16. Bd3 Rfe8 17. O-O Qxd4+ 18. Nxd4 Nb6 19. Rfe1 Nc4 20. Nb3 Nb2 21.
Nc5 Ba8 22. Nxa6 Rc3 23. Nc5 Bc6 24. Ra2 Nxd3 25. cxd3 d4 26. f5 Bd5 27. Rf2
exf5 28. Rxf5 Rxa3 29. Re2 Ra1+ 30. Kf2 Be6 31. Rf4 Rd8 32. Ree4 Rb1 33. Rxd4
Ra8 34. Kg3 g6 35. Rf2 Ra3 36. h4 Kg7 37. h5 Bf5 38. hxg6 hxg6 39. Rd6 Rd1 40.
Rf3 Raa1 41. e6 fxe6 42. Nxe6+ Bxe6 43. Rxe6 Rab1 44. Re4 Rb3 45. Rd4 Rdb1 46.
Rff4 Rd1 47. Rd7+ Kh6 48. Rh4+ Kg5 49. Rg4+ Kf5 50. Rd5+ Kf6 51. Rxb5 Rdxd3+ 52.
Kh2 Rd6 53. Rb8 Kg7 54. Rc4 Rd5 55. Rc7+ Kf6 56. Rc6+ Kg7 57. Rb7+ Kh6 58. Rbb6
Rh5+ 59. Kg1 Rb1+ 60. Kf2 Rf5+ 61. Ke3 Rg5 62. Rc5 Rxg2 63. Kd4 Rg4+ 64. Kd5
Rbxb4 65. Ra6 Rg5+ 66. Kd6 Rd4+ 67. Kc6 Rxc5+ 68. Kxc5 Rf4 69. Kd5 Rf5+ 70. Ke4
Kg5 71. Ra1 Kf6 1/2-1/2

[Event "Euro Online U2300 Day 1"]
[Site "chess.com INT"]
[Date "2020.05.25"]
[Round "3"]
[White "Prohorov, Olexandr"]
[Black "Schitco, Ivan"]
[Result "0-1"]
[WhiteTitle "FM"]
[BlackTitle "IM"]
[WhiteElo "2086"]
[BlackElo "2467"]
[WhiteFideId "14105578"]
[BlackFideId "13905465"]
[EventDate "2020.05.25"]

1. Nf3 d5 2. d4 Nf6 3. c4 e6 4. Nc3 dxc4 5. e3 a6 6. a4 c5 7. Bxc4 Nc6 8. d5
exd5 9. Nxd5 Nxd5 10. Qxd5 Qxd5 11. Bxd5 Nb4 12. Bb3 Be6 13. Bxe6 Nc2+ 14. Kd1
Nxa1 15. Ba2 b5 16. a5 c4 17. Bd2 Rd8 18. Nd4 Bc5 19. Bc3 b4 20. Bd2 Nb3 21.
Bxb3 cxb3 22. Nxb3 Be7 23. Ke2 Rc8 24. Nd4 g6 25. Kd3 Kd7 26. Rd1 Rhd8 27. g4
Ke8 28. f4 Rd5 29. Ra1 h5 30. h3 Bc5 31. Ra4 Bxd4 32. exd4 b3 33. Bc3 hxg4 34.
hxg4 Rb5 35. Ra1 Ke7 36. Rh1 Rc6 37. Rh8 Rf6 38. Bd2 Kd7 39. Ra8 Kc7 40. Ra7+
Rb7 41. Ra8 Rc6 42. Bc3 f5 43. gxf5 gxf5 44. Rf8 Rb5 45. Rf7+ Kd8 46. Ra7 Ke8
47. Rh7 Rg6 48. Kc4 Rc6+ 49. Kd3 Kd8 50. Ra7 Kc8 51. Rh7 Kb8 52. Rf7 Re6 53. Rh7
Re4 54. Rh4 Kc7 55. Kc4 Kd7 56. Bd2 Ke7 57. Bc3 Kf7 58. Bd2 Kg6 59. Bc3 Re2 60.
Rh8 Rf2 61. Ra8 Rb7 62. Rxa6+ Kf7 63. Rb6 Rc7+ 64. Kd5 Rxf4 65. a6 Re4 66. Rb7
Ree7 67. a7 Rxb7 68. a8=Q f4 69. Qh8 Rb5+ 70. Kc4 Rg5 71. Qh7+ Ke8 72. Bb4 Rxh7 0-1

[Event "Euro Online U2300 Day 1"]
[Site "chess.com INT"]
[Date "2020.05.25"]
[Round "3"]
[White "Krallis, Christos"]
[Black "Junge, Kai"]
[Result "1-0"]
[WhiteElo "2284"]
[BlackElo "2181"]
[WhiteFideId "4298896"]
[BlackFideId "4605454"]
[EventDate "2020.05.25"]

1. d4 Nf6 2. c4 g6 3. Nc3 Bg7 4. e4 d6 5. f3 O-O 6. Nge2 Nc6 7. Be3 a6 8. Rc1
Bd7 9. Qd2 e5 10. d5 Ne7 11. g4 b6 12. h4 h5 13. g5 Ne8 14. Rg1 c6 15. dxc6 Bxc6
16. Nd5 Nxd5 17. cxd5 Bb5 18. Qb4 Kh7 19. a4 Bxe2 20. Bxe2 b5 21. a5 Rc8 22. Kd2
f5 23. Rxc8 Qxc8 24. Qc3 Qd8 25. Bb6 Qe7 26. Qc8 fxe4 27. fxe4 Nf6 28. gxf6 Qxf6
29. Qh3 Qf4+ 30. Kd3 Qf7 31. Rf1 Qe8 32. Qe6 Qb8 33. Rxf8 Qxf8 34. Be3 Qb8 35.
b4 Qc7 36. Kd2 Qd8 37. Bg5 Qf8 38. Ke3 Bh6 39. Qd7+ Kh8 40. Bxh6 Qxh6+ 41. Kd3
Qf8 42. Qe6 Kh7 43. Qd7+ Kh6 44. Qh3 Kh7 45. Qf3 Qc8 46. Kd2 Qd8 47. Qg3 Qc7 48.
Qg5 Qa7 49. Qe3 Qe7 50. Qf2 Kg7 51. Bf1 Qc7 52. Qf3 Qe7 53. Qg3 Qa7 54. Qe3 Qe7
55. Qe1 Qf6 56. Bd3 Qf4+ 57. Kc2 Qf6 58. Qh1 Qf2+ 59. Kb3 Qd2 60. Qf1 Qe3 61.
Qe2 Qf4 62. Qe1 Qf6 63. Ka3 Qf3 64. Qc3 Qg3 65. Kb3 Qxh4 66. Bxb5 Qxe4 67. Bxa6
Qxd5+ 68. Bc4 Qd1+ 69. Qc2 Qf3+ 70. Ka4 d5 71. Be2 Qf4 72. a6 Qd4 73. Qc5 Qa1+
74. Kb5 Qb2 75. Bd3 e4 76. a7 Qa1 77. Bb1 e3 78. Bd3 d4 79. Kb6 Qa3 80. Kb7 Qxd3
81. a8=Q e2 82. Qaf8+ Kh7 83. Qce7# 1-0

[Event "Euro Online U2300 Day 1"]
[Site "chess.com INT"]
[Date "2020.05.25"]
[Round "3"]
[White "Berke, Ana"]
[Black "Lund, Terje"]
[Result "0-1"]
[WhiteTitle "WIM"]
[WhiteElo "2090"]
[BlackElo "2104"]
[WhiteFideId "14510359"]
[BlackFideId "1504754"]
[EventDate "2020.05.25"]

1. e4 c6 2. d4 d5 3. exd5 cxd5 4. c4 Nf6 5. Nc3 e6 6. Nf3 Bb4 7. cxd5 Nxd5 8.
Bd2 O-O 9. Bd3 Nc6 10. O-O Be7 11. Re1 Bf6 12. Nxd5 Qxd5 13. Bc3 Rd8 14. Be4 Qd6
15. Ne5 Nxd4 16. Ng4 e5 17. Nxf6+ Qxf6 18. Qh5 h6 19. h4 Bf5 20. Bxb7 Rab8 21.
Be4 Be6 22. a3 Bb3 23. Rac1 Re8 24. Qg4 Be6 25. Qh5 Bb3 26. Bb1 Rbd8 27. Qg4 Be6
28. Qg3 Bf5 29. h5 Bxb1 30. Rxb1 Qf5 31. Bxd4 exd4 32. Red1 Qxh5 33. b4 Qb5 34.
Qd3 a6 35. Qb3 d3 36. a4 Qf5 37. b5 Re2 38. Rf1 axb5 39. axb5 Rb8 40. b6 Re6 41.
b7 Re7 42. Qa4 Qd5 43. Rfd1 Rexb7 44. Rxb7 Rxb7 45. Qe8+ Kh7 46. Qe3 Rd7 47. Rd2
Qd4 48. Qf3 g6 49. g3 h5 50. Kg2 Kg7 51. Qd1 Qe4+ 52. f3 Qe3 53. Kf1 Kh7 54. Kg2
g5 55. Kh3 Rd4 56. f4 g4+ 57. Kg2 Kh6 58. Kh2 h4 59. gxh4 Qh3+ 60. Kg1 Qg3+ 61.
Kh1 Qh3+ 62. Kg1 f5 63. h5 Qe3+ 64. Kh1 Qxf4 65. Qc1 Kg5 66. h6 Qf3+ 67. Kg1 f4
68. h7 Rd8 69. Qc5+ Kh4 70. Rh2+ Kg3 71. Qf2+ Qxf2+ 72. Rxf2 Rh8 73. Rg2+ Kf3
74. Rh2 g3 75. Rh6 d2 76. Rd6 Ke2 77. Re6+ Kd3 78. Rd6+ Kc3 79. Rc6+ Kb2 80. Rd6
Kc1 81. Rc6+ Kd1 82. Rc7 f3 83. Rf7 Ke2 84. Re7+ Kd3 85. Rd7+ Ke4 86. Re7+ Kd5
87. Rd7+ Ke6 88. Rxd2 Rxh7 89. Rd4 Ke5 90. Ra4 Rf7 91. Ra5+ Kd4 92. Ra4+ Kc5 93.
Ra1 Kc4 94. Ra4+ Kb3 95. Ra1 Rc7 96. Rf1 Rc3 97. Rb1+ Kc2 98. Ra1 Kd2 99. Ra2+
Rc2 100. Ra1 Rc1+ 101. Rxc1 Kxc1 102. Kf1 Kd2 103. Kg1 Ke2 104. Kh1 f2 105. Kg2
f1=Q+ 0-1

[Event "Euro Online U2300 Day 1"]
[Site "chess.com INT"]
[Date "2020.05.25"]
[Round "3"]
[White "Petriashvili, Nikoloz"]
[Black "Eret, Matous"]
[Result "1/2-1/2"]
[WhiteTitle "IM"]
[WhiteElo "2423"]
[BlackElo "2166"]
[WhiteFideId "13611216"]
[BlackFideId "364509"]
[EventDate "2020.05.25"]

1. d4 Nf6 2. c4 d6 3. Nf3 Nbd7 4. g3 g6 5. Bg2 Bg7 6. O-O O-O 7. Nc3 c5 8. b3 a6
9. Bb2 Rb8 10. dxc5 Nxc5 11. Nd4 e5 12. Nc2 b5 13. cxb5 axb5 14. Nb4 Bb7 15.
Ncd5 h5 16. Nxf6+ Qxf6 17. Nd5 Qd8 18. Qd2 h4 19. Rfd1 hxg3 20. hxg3 Ne6 21.
Rac1 Ra8 22. Nb4 Bxg2 23. Kxg2 Qf6 24. Qxd6 Rad8 25. Qc6 Qg5 26. Kf1 Qh5 27. Qf3
Qh3+ 28. Qg2 Qh5 29. Nd5 f5 30. Ne7+ Kh7 31. Qf3 Qh6 32. Qc6 Ng5 33. Qb7 e4 34.
Kg1 Rxd1+ 35. Rxd1 Rf7 36. Bxg7 Qxg7 37. Rd7 f4 38. gxf4 Nh3+ 39. Kh2 Nxf4 40.
Qxe4 Qh6+ 41. Kg1 Nh3+ 42. Kg2 Rxf2+ 43. Kg3 Rf7 44. Nxg6 Rxd7 45. Nf8+ Kg8 46.
Nxd7 Ng5 47. Qe8+ Kh7 48. Qe7+ Kh8 49. Qf8+ Qxf8 50. Nxf8 Ne4+ 51. Kf3 Nc3 52.
a3 Kg7 53. Ne6+ Kf6 54. Nd4 Ke5 55. e3 Kd5 56. Kf4 Kc5 57. Ke5 Nb1 58. a4 bxa4
59. bxa4 Nc3 60. a5 Nd5 61. Ne6+ Kc6 62. Nd8+ Kc5 63. a6 Nb6 64. a7 Kb5 65. e4
Ka6 66. Nc6 Kb7 67. Kd6 Nc4+ 68. Kc5 Nb6 69. Kd6 Nc4+ 70. Kd5 Nb6+ 71. Kc5 Nd7+
72. Kd6 Nb6 73. Na5+ Kxa7 74. e5 Ka6 75. Nc6 Nc4+ 76. Kd5 Nxe5 1/2-1/2

[Event "Euro Online U2300 Day 1"]
[Site "chess.com INT"]
[Date "2020.05.25"]
[Round "3"]
[White "Gitu, Paula-Alexandra"]
[Black "Lahdelma, Henri"]
[Result "0-1"]
[WhiteTitle "WFM"]
[WhiteElo "2113"]
[BlackElo "2264"]
[WhiteFideId "13904620"]
[BlackFideId "510394"]
[EventDate "2020.05.25"]

1. e4 e6 2. d4 d5 3. Nd2 Be7 4. Bd3 c5 5. c3 cxd4 6. cxd4 dxe4 7. Nxe4 Bd7 8.
Nf3 Nf6 9. O-O Bc6 10. Qe2 Nxe4 11. Bxe4 Bxe4 12. Qxe4 Nc6 13. Bf4 O-O 14. Rad1
Qd5 15. Qxd5 exd5 16. Rfe1 Rfe8 17. Ne5 Bb4 18. Re3 Rac8 19. a3 Ba5 20. h3 Bb6
21. Nxc6 Rxe3 22. fxe3 Rxc6 23. Rd2 f6 24. Kf2 Kf7 25. Kf3 Ke6 26. e4 dxe4+ 27.
Kxe4 f5+ 28. Kd3 Kd5 29. Be5 g6 30. Re2 Rc1 31. Bg7 Rd1+ 32. Kc2 Rg1 33. Re5+
Kxd4 34. Rxf5+ Ke3 35. Bh6+ Ke2 36. Re5+ Kf2 37. g4 Kg3 38. Re7 Rg2+ 39. Kc3
Kxh3 40. g5 Rg3+ 41. Kc4 Rg4+ 42. Kd5 Rg2 43. Rxh7 Kg4 44. b3 Rd2+ 45. Ke6 Rd3
46. Kf6 Rd6+ 47. Kg7 Kh5 48. Rh8 Rd3 49. Kf7 Rf3+ 50. Ke6 Rxb3 51. Bf8+ Kxg5 52.
Rg8 Re3+ 53. Kd5 Kf5 54. Bb4 g5 55. Rg7 Rd3+ 56. Kc4 Rd4+ 57. Kc3 Re4 58. Rxb7
g4 59. Rg7 Re6 60. Kd2 Kf4 61. Rf7+ Kg3 62. Kd3 Kg2 63. Rg7 g3 64. Bd2 Rf6 65.
Bg5 Rf3+ 66. Ke2 Rxa3 67. Bf4 Ra2+ 68. Ke1 Ra3 69. Ke2 Kh2 70. Kf1 Rf3+ 71. Ke2
Rxf4 0-1

[Event "Euro Online U2300 Day 1"]
[Site "chess.com INT"]
[Date "2020.05.25"]
[Round "3"]
[White "Solovyev, Artem"]
[Black "Schlegel, Igor"]
[Result "0-1"]
[WhiteElo "2155"]
[BlackElo "2027"]
[WhiteFideId "14121620"]
[BlackFideId "1334956"]
[EventDate "2020.05.25"]

1. e4 c5 2. Nf3 d6 3. d4 cxd4 4. Nxd4 Nf6 5. Nc3 a6 6. Bd3 e5 7. Nde2 Be7 8. O-O
O-O 9. h3 Be6 10. f4 Qc7 11. Be3 Nbd7 12. Qd2 exf4 13. Nxf4 Ne5 14. Rad1 Rac8
15. Qf2 b5 16. a3 Qb7 17. Qg3 Nc4 18. Bc1 Nxa3 19. Ncd5 Bxd5 20. Nxd5 Nxd5 21.
exd5 Nxc2 22. Bh6 g6 23. Bxf8 Bxf8 24. Rc1 Nb4 25. Be4 Rxc1 26. Rxc1 Qa7+ 27.
Qf2 Qxf2+ 28. Kxf2 f5 29. Bb1 Bg7 30. Rc8+ Kf7 31. Ra8 Bxb2 32. Ra7+ Kg8 33. Kf3
Be5 34. g4 fxg4+ 35. Kxg4 Kh8 36. h4 Nxd5 37. Rxa6 Kg7 38. Ba2 h5+ 39. Kf3 Nc3
40. Bb3 g5 41. hxg5 Kg6 42. Ra8 Kxg5 43. Rg8+ Kf5 44. Bc2+ Kf6 45. Rg6+ Kf7 46.
Rh6 b4 47. Rxh5 Ke6 48. Bb3+ Kd7 49. Ke3 Kc6 50. Kd3 Kc5 51. Rf5 Nb5 52. Rf8 Nd4
53. Rc8+ Kb5 54. Bc4+ Kb6 55. Rb8+ Kc5 56. Rc8+ Kb6 57. Rb8+ Kc5 58. Ra8 Nc6 59.
Bb3 Bc3 60. Rc8 Kb6 61. Ra8 Ne5+ 62. Ke4 Kc6 63. Ra6+ Kc5 64. Ra5+ Kb6 65. Rd5
Kc6 66. Ba4+ Kc7 67. Rb5 Nd7 68. Kd5 Nb6+ 69. Rxb6 Kxb6 70. Bb3 Be5 71. Ba4 Ka5
72. Bb3 Kb5 0-1

[Event "Euro Online U2300 Day 1"]
[Site "chess.com INT"]
[Date "2020.05.25"]
[Round "3"]
[White "Patrascu, Catalin-Lucian"]
[Black "Ranaldi, Lucas"]
[Result "1-0"]
[WhiteTitle "FM"]
[BlackTitle "FM"]
[WhiteElo "2320"]
[BlackElo "2353"]
[WhiteFideId "1229052"]
[BlackFideId "1519484"]
[EventDate "2020.05.25"]

1. e4 c6 2. Nf3 d5 3. Nc3 Bg4 4. h3 Bxf3 5. Qxf3 Nf6 6. d3 e6 7. g3 Bb4 8. a3
Qa5 9. Bd2 d4 10. Nb1 Bxd2+ 11. Nxd2 O-O 12. Bg2 c5 13. Qe2 Nc6 14. O-O Qc7 15.
f4 e5 16. Rf2 h6 17. Raf1 b5 18. Kh2 Rac8 19. h4 Qd6 20. Bh3 Rc7 21. b3 Re8 22.
Qf3 a6 23. Kh1 Rb8 24. Qg2 Re8 25. Qf3 Rb8 26. Bf5 Rd8 27. Qg2 c4 28. bxc4 Qxa3
29. Bh3 Qe7 30. cxb5 axb5 31. Nf3 Nh7 32. fxe5 Nxe5 33. Nxe5 Qxe5 34. Rf5 Qe8
35. Qf2 Nf8 36. Qf4 Re7 37. Rb1 Ng6 38. Qf2 Ne5 39. Qf4 Ng6 40. Qf2 Ne5 41. Qf4
Rb8 42. Rb4 Rd8 43. Qf2 Red7 44. Kh2 Rd6 45. Qf4 f6 46. Qf2 Qc6 47. Rb2 Qe8 48.
Rb4 Qe7 49. Qg1 Qe8 50. Rf2 Kh8 51. Qb1 Rb8 52. Qb2 Qd8 53. Rf1 Qb6 54. Rb1 Qc5
55. Rxb5 Rxb5 56. Qxb5 Qxc2+ 57. Bg2 Rd8 58. Rb2 Qxd3 59. Qb6 Rg8 60. Qe6 Qe3
61. Rc2 Nf3+ 62. Kh3 Ng1+ 63. Kh2 Nf3+ 64. Kh3 d3 65. Rc8 Rxc8 66. Qxc8+ Kh7 67.
Qf5+ Kh8 68. Qxf3 Qe2 69. h5 Kg8 70. Kg4 Kf7 71. Kf4 Ke6 72. Bh3+ Kd6 73. Bg4
Qd2+ 74. Qe3 Qc2 75. Kf5 Qc3 76. Kg6 Ke5 77. Qf4+ Kd4 78. e5+ Kc5 79. e6 d2 80.
Qf5+ Kd4 81. e7 1-0

[Event "Euro Online U2300 Day 1"]
[Site "chess.com INT"]
[Date "2020.05.25"]
[Round "3"]
[White "Kocheev, Aleksandr"]
[Black "Rajkovic, Dusan"]
[Result "1-0"]
[BlackTitle "GM"]
[WhiteElo "2315"]
[BlackElo "2267"]
[WhiteFideId "13507842"]
[BlackFideId "900265"]
[EventDate "2020.05.25"]

1. e4 c5 2. Nf3 g6 3. c3 Bg7 4. d4 cxd4 5. cxd4 d5 6. e5 Nc6 7. Nc3 Bg4 8. Be2
e6 9. Nb5 Nge7 10. Nd6+ Kf8 11. O-O Qb6 12. Be3 Nc8 13. Nxf7 Bxf3 14. Nxh8 Bxe2
15. Nxg6+ hxg6 16. Qxe2 N8e7 17. Qg4 Kf7 18. Rad1 Rh8 19. Qf3+ Ke8 20. g4 Rf8
21. Qe2 Rh8 22. a3 Qb3 23. Rd3 Qb5 24. Qc2 Rh4 25. f3 Rh8 26. Rc1 Kf7 27. Rc3
Qb6 28. Rc5 Bh6 29. f4 Bf8 30. b4 a6 31. Rf1 Rh4 32. Qd1 Ke8 33. Bf2 Rh3 34. Bg3
Ng8 35. Kg2 Rh7 36. Qd3 Rg7 37. Rcc1 Nge7 38. Rfd1 Rf7 39. Rb1 Qb5 40. Qc2 Qc4
41. Qd2 Qb5 42. h4 Bh6 43. Rdc1 Qb6 44. Rc5 Bf8 45. b5 Nc8 46. Qc2 axb5 47.
Rcxb5 Qa6 48. Qxg6 Nd8 49. f5 Ne7 50. Qh5 exf5 51. gxf5 Nxf5 52. Rb6 Qd3 53. e6
Qxg3+ 54. Kh1 Qh3+ 55. Kg1 Qg3+ 56. Kh1 Nxe6 57. Rxe6+ Be7 58. Rf1 Qxh4+ 59.
Qxh4 Nxh4 60. Rb1 Nf5 61. Re5 Nd6 62. Rxd5 Rg7 63. a4 Bf8 64. Rf1 Be7 65. Rg1
Rf7 66. Rb1 Bf8 67. Kg2 Kd8 68. a5 Kc7 69. Rc5+ Kd7 70. Rh5 Rg7+ 71. Kf3 Rf7+
72. Ke2 Bg7 73. Rh7 Re7+ 74. Kd3 Kc6 75. Rb6+ Kc7 76. Rb1 Rd7 77. Rc1+ Kb8 78.
Rg1 Ne8 79. Rg4 Ka7 80. Kc4 Ka6 81. Rg6+ Ka7 82. d5 Rc7+ 83. Kb5 Bc3 84. Rxc7
Nxc7+ 85. Kc5 Bxa5 86. d6 Na6+ 87. Kb5 Nb8 88. Kxa5 Nc6+ 89. Kb5 Nd4+ 90. Kc5
Nc6 91. d7 Kb8 92. Rxc6 1-0

[Event "Euro Online U2300 Day 1"]
[Site "chess.com INT"]
[Date "2020.05.25"]
[Round "3"]
[White "Ulyankin, Igor"]
[Black "Ogloblin, Nikolay"]
[Result "0-1"]
[BlackTitle "IM"]
[WhiteElo "1936"]
[BlackElo "2346"]
[WhiteFideId "24109169"]
[BlackFideId "4139658"]
[EventDate "2020.05.25"]

1. c4 Nf6 2. Nf3 e6 3. g3 b6 4. Bg2 Bb7 5. O-O c5 6. Nc3 d6 7. d3 Nbd7 8. Bd2 a6
9. Rb1 Rb8 10. a3 Be7 11. b4 O-O 12. Ne1 Bxg2 13. Kxg2 Qc7 14. Nc2 d5 15. cxd5
exd5 16. d4 c4 17. f3 b5 18. e4 Qc6 19. e5 Ne8 20. f4 f5 21. Qf3 Nb6 22. Ne3 Nc7
23. h3 Rbd8 24. Kh2 Ne6 25. Nc2 Rf7 26. Be3 Bf8 27. Rg1 Na4 28. Bd2 Qb6 29. Qf2
h5 30. Rg2 Be7 31. Rbg1 Nb2 32. Be3 Nd3 33. Qf3 Nc7 34. Qxh5 a5 35. Na2 axb4 36.
Ncxb4 Bxb4 37. Nxb4 Nxb4 38. axb4 Qh6 39. Qf3 Ra8 40. g4 fxg4 41. Rxg4 Ra3 42.
Qf2 Ne6 43. R4g3 Qh5 44. Qg2 Qf5 45. Qxd5 Rxe3 46. Rxe3 Qxf4+ 47. Reg3 Nxd4 48.
Kh1 Kh7 49. Qg2 Nf5 50. Rg5 Qxe5 51. Rh5+ Kg8 52. Qa8+ Rf8 53. Qf3 Qe6 54. Qg4
Rf7 55. Qf3 g6 56. Rhg5 Rf6 57. Qg4 Kg7 58. h4 Qc6+ 59. Kh2 Ne3 60. Qd4 Qc7+ 61.
Qe5 Nf1+ 62. Kh1 Qc6+ 63. R1g2 Kh6 64. h5 c3 65. Rxg6+ Rxg6 66. hxg6 c2 67. Qf4+
Kh5 68. Qg4+ Kh6 69. Qf4+ Kh5 70. Qg4+ Kh6 71. Qh4+ Kg7 72. Qh7+ Kf6 73. Qf7+
Ke5 74. Qe7+ Kd4 75. Qg7+ Kd3 76. Qf7 c1=Q 77. Qf5+ Kd4 0-1

[Event "Euro Online U2300 Day 1"]
[Site "chess.com INT"]
[Date "2020.05.25"]
[Round "3"]
[White "Svane, Frederik"]
[Black "Popov, Maksim"]
[Result "1/2-1/2"]
[WhiteElo "2421"]
[BlackElo "2094"]
[WhiteFideId "12923044"]
[BlackFideId "54123968"]
[EventDate "2020.05.25"]

1. e4 e6 2. d4 d5 3. Nd2 Be7 4. Ngf3 Nf6 5. e5 Nfd7 6. Bd3 c5 7. c3 b6 8. O-O a5
9. Qe2 Ba6 10. Bxa6 Nxa6 11. a4 g5 12. Ne1 Nf8 13. Qb5+ Qd7 14. Qxb6 c4 15. b3
Ng6 16. bxc4 O-O 17. cxd5 exd5 18. Qb5 Qe6 19. Ba3 Bxa3 20. Rxa3 Nf4 21. Qb1
Rab8 22. Qc2 Rfc8 23. Kh1 Nb4 24. Qd1 Nbd3 25. Nxd3 Nxd3 26. Nb3 Qf5 27. Qd2 Rc7
28. Qc2 Rbc8 29. Nc5 Rxc5 30. dxc5 Rxc5 31. Qd2 Nxe5 32. Raa1 Ng6 33. Rae1 Rc8
34. Re3 Nf4 35. Rfe1 Rc4 36. Re5 Qf6 37. f3 Rxa4 38. g3 Ne6 39. Kg2 h6 40. Rxd5
Kg7 41. Rde5 Qg6 42. R5e2 Rc4 43. Qc2 Qf6 44. Re3 a4 45. Qd3 Rc5 46. Qc2 Rc4 47.
Qd3 Rc8 48. Qa6 Rxc3 49. Qxa4 Rxe3 50. Rxe3 Qb2+ 51. Kh3 Qd2 52. Qe4 Qd7 53.
Qe5+ Kg8 54. Kg2 Qd2+ 55. Re2 Qd7 56. Qb8+ Kg7 57. Qe5+ Kg8 58. Qe4 Kg7 59. Qe3
Qb7 60. Rd2 Qb1 61. Qc3+ Kg8 62. Rb2 Qd1 63. Rb8+ Kh7 64. Qh8+ Kg6 65. Rg8+ Kf5
66. Qh7+ Ke5 67. Qxf7 Qe2+ 68. Kh3 h5 69. Qxh5 Qf1+ 70. Kg4 Qc4+ 71. f4+ Kd6 72.
Qg6 Qe2+ 73. Kf5 Qd3+ 74. Kf6 Qd4+ 75. Kf7 Qa7+ 76. Kf6 Qd4+ 77. Kf7 Qa7+ 78.
Kf6 Qa1+ 79. Kf5 Qb1+ 80. Kg4 Qd1+ 81. Kh3 Qf1+ 82. Kg4 Qe2+ 83. Kf5 Qd3+ 84.
Kf6 Qd4+ 1/2-1/2

[Event "Euro Online U2300 Day 1"]
[Site "chess.com INT"]
[Date "2020.05.25"]
[Round "3"]
[White "Linnanen, Lassi"]
[Black "Hoffmann, Sebastian"]
[Result "1-0"]
[WhiteElo "2185"]
[BlackElo "2209"]
[WhiteFideId "500976"]
[BlackFideId "12954535"]
[EventDate "2020.05.25"]

1. e4 c5 2. Nf3 g6 3. d4 cxd4 4. Nxd4 Bg7 5. Nc3 Nc6 6. Be3 Nf6 7. Nxc6 bxc6 8.
e5 Ng8 9. f4 f6 10. exf6 Nxf6 11. Be2 O-O 12. O-O d5 13. Bd4 Bf5 14. Bf3 Qc7 15.
Kh1 Nd7 16. Bxg7 Kxg7 17. g3 e5 18. fxe5 Nxe5 19. Bg2 Rab8 20. b3 Ng4 21. Qd2
Rbe8 22. Rae1 Qb6 23. Na4 Qc7 24. Nc5 Kg8 25. c3 Qd6 26. b4 a5 27. a3 axb4 28.
axb4 h5 29. Bf3 Nf6 30. Qd4 Ne4 31. Nxe4 Bxe4 32. Bxe4 Rxf1+ 33. Rxf1 Rxe4 34.
Qa7 Qe7 35. Qa8+ Kg7 36. Qxc6 Re1 37. Kg1 Qe3+ 38. Kg2 Qe4+ 39. Kg1 Qe3+ 40. Kg2
Re2+ 41. Kh3 Qg5 42. Qc7+ Kh6 43. Qf4 Rc2 44. Qxg5+ Kxg5 45. Rd1 Rxc3 46. Rxd5+
Kf6 47. Rb5 g5 48. Rb6+ Kf5 49. Rb5+ Kf6 50. Kg2 Rc2+ 51. Kg1 g4 52. Rxh5 Rb2
53. Rb5 Kg6 54. Rb8 Kf5 55. b5 Ke4 56. b6 Kf3 57. Rf8+ Ke3 58. Re8+ Kf3 59. Rf8+
Ke3 60. Rf4 Rb1+ 61. Kg2 Rb2+ 62. Kg1 Rb1+ 63. Rf1 Rxb6 64. Ra1 Rb2 65. Ra3+ Ke2
66. Kg2 Ke1+ 67. Kg1 Ke2 68. Ra8 Kf3 69. Rf8+ Ke3 70. Re8+ Kf3 71. Rf8+ Ke3 72.
Rf1 Ra2 73. Kh1 Ke2 74. Kg1 Ke3 75. Re1+ Kf3 76. Rf1+ Ke4 77. Re1+ Kf5 78. Rf1+
Ke4 79. Rf2 Ra1+ 80. Kg2 Ke3 81. Rb2 Rc1 82. h3 gxh3+ 83. Kxh3 Ke4 84. Kg4 Ke5
85. Rf2 1-0

[Event "Euro Online U2300 Day 1"]
[Site "chess.com INT"]
[Date "2020.05.25"]
[Round "3"]
[White "Florescu, Codrut-Constantin"]
[Black "Mesnyankin, Nikita"]
[Result "0-1"]
[WhiteTitle "IM"]
[WhiteElo "2293"]
[BlackElo "2176"]
[WhiteFideId "1202200"]
[BlackFideId "24175935"]
[EventDate "2020.05.25"]

1. d4 Nf6 2. c4 e5 3. dxe5 Ng4 4. Nf3 Bc5 5. e3 Nc6 6. Be2 Ngxe5 7. O-O O-O 8.
Nc3 Re8 9. b3 Nxf3+ 10. Bxf3 Ne5 11. Bb2 a5 12. Na4 Nxf3+ 13. Qxf3 Bf8 14. Rad1
Ra6 15. Rd5 Rg6 16. Rxa5 c6 17. Ra8 d5 18. cxd5 Bg4 19. Qxg4 Qxa8 20. Qf3 b5 21.
Nc3 b4 22. Na4 cxd5 23. Bd4 Qc6 24. g3 Rc8 25. Kg2 Be7 26. Rd1 Qc2 27. Nb6 Rd8
28. Nxd5 Rxd5 29. Qxd5 Qxd1 30. Qa8+ Bf8 31. Bc5 Rd6 32. Bxd6 Qxd6 33. h4 g6 34.
h5 gxh5 35. Qe4 Qg6 36. Qc4 Qb1 37. Qd5 Qg6 38. Qa8 Kg7 39. Qd8 h6 40. Qd4+ Qf6
41. Qe4 Qb2 42. Qa8 Qd2 43. Qa5 Bd6 44. a4 Qd3 45. Qb6 Be7 46. Qb7 Kf6 47. a5
Bc5 48. a6 Qxb3 49. Qc6+ Qe6 50. Qxc5 Qxa6 51. Qxh5 Qb7+ 52. Kh2 Kg7 53. Qe5+ f6
54. Qb2 b3 55. e4 Qb6 56. e5 fxe5 57. Qxe5+ Qf6 58. Qc7+ Kg6 59. Qb7 Qxf2+ 60.
Kh3 Qf1+ 61. Kh2 Qe2+ 62. Kh3 Qh5+ 63. Kg2 Qe2+ 64. Kh3 b2 65. Qc6+ Kf5 66. Qd5+
Kf6 67. Qd4+ Qe5 68. Qh4+ Kf7 69. Qb4 Qf5+ 70. g4 Qd3+ 71. Kh4 b1=Q 72. Qf4+ Ke6
73. Qxh6+ Kd5 74. Qg5+ Kc4 75. Qg8+ Qd5 76. Qc8+ Kd3 77. Qa6+ Qbb5 78. Qa3+ Qbb3
79. Qe7 Qe6 80. Qf8 Qbd5 81. Qf1+ Qe2 82. Qb1+ Ke3 83. Qc1+ Kf2 84. Qf4+ Qef3
85. Qh2+ Kf1 86. Qb2 Qh1+ 87. Kg3 Qdf3# 0-1